Učebnice jazyka Java
Na minha lista:
| Autor principal: | |
|---|---|
| Formato: | Livro |
| Idioma: | tcheco |
| Publicado em: |
České Budějovice :
Kopp,
2010
|
| Assuntos: | |
| Tags: |
Sem tags, seja o primeiro a adicionar uma tag!
|
MARC
| LEADER | 00000nam a22000003a 4500 | ||
|---|---|---|---|
| 001 | stu218977 | ||
| 005 | 20150617230058.7 | ||
| 008 | 101207s2008----xr------------------cze-d | ||
| 020 | |a 978-80-7232-398-2 | ||
| 040 | |a STU |b slo | ||
| 041 | 0 | |a cze | |
| 044 | |a xr | ||
| 080 | |a 004.438Java | ||
| 080 | |a 519.682 | ||
| 100 | 1 | |a Herout, Pavel |4 aut | |
| 245 | 1 | |a Učebnice jazyka Java | |
| 260 | |a České Budějovice : |b Kopp, |c 2010 | ||
| 300 | |a 386 s | ||
| 650 | 7 | |a programovacie jazyky |2 stusub | |
| 650 | 7 | |a Java |2 stusub | |
| 996 | |b 284EK88562 |c E*88562 |l EE0101 |s P |a 0 |w stu218977_0001 | ||
| 996 | |b 284EK88563 |c E*88563 |l EE01 |s A |a 24 |w stu218977_0002 | ||
| 996 | |b 284EK88564 |c E*88564 |l EE01 |s A |a 24 |w stu218977_0003 | ||
| 996 | |b 284EK88566 |c E*88566 |l EE01 |s A |a 24 |w stu218977_0005 | ||
| 996 | |b 284EK88816 |c E*88816 |l EE01 |s A |a 24 |w stu218977_0006 | ||